000 00588cab a2200205 4500
001 WB3219-23
008 090401t1996 xxu||||| |||| 00| 0 eng d
035 _a(Sirsi) u1658
041 _aeng
245 _aGovernment support for Noise Bill
260 _c1996
350 _a0
490 _aDoE News Release
_v(196) 10 May 1996, (2)
520 _aGovernment has reaffirmed its support for the Noise Bill which clarifies local authority powers.
650 _aNOISE BILL
650 _aNOISE CONTROL
690 _aENVIRONMENTAL AND LAND CONSULTANCY
942 _n0
948 _c04/03/1997
999 _c944
_d944